1053 1573 1213 1644 1182 1318 1536 1232 1450 1142 1866 1083 1467 1967 1649 1181 1992 1118 1755 1076 1531 1266 1595 1989 1555 1531 1005 1896 1591 1799 1961 1943 1734 1157 1824 1425 1628 1422 1190 1267 1541 1166 1413 1020 1924 1244 1799 1836 1248 1019 1226 1426 1135 1076 1258 1071 1141 1346 1299 1560 1185 1106 1992 1515 1936 1310 1980 1015 1584 1441 1435 1641 1750 1132 1353 1271 1495 1522 1319 1726 1572 1416 1772 1668 1524 1197 1621 1536 1826 1420 1359 1718 1068 1341 1276 1642 1102 1400 1490 BCNSPRNW ULIB Ver.6.0+V

เปลี่ยนเป็นภาษาไทย

Change to English
 แสดงรายละเอียดบรรณานุกรม
  กลับหน้าหลัก

Brief Record : Get Marc (ISO 2709) : E-mail record : QR code < ปิดหน้าต่าง
LEADER : 00000nam 2200000uu 4500
001    13399111736
003     ULIB
008    110707s||||||||th 000 0 tha d
020    9789742355968
050 04 DS555.42^bศ163ค 2552
100 0  ศรัทธา ลาภวัฒนเจริญ
245 10 คู่มือเที่ยวลาว 3 มิติ ด้วยเงิน 6,000 :^bLaos paradize /^cศรัทธา ลาภวัฒนเจริญ
260    กรุงเทพ ฯ :^bRomantic tripper,^c[ม.ป.ป]
300    128 หน้า :^bภาพประกอบ
650  7 ลาว^xภูมิประเทศและการท่องเที่ยว
653    อาเซียน
945    ^p139^l0^i027645
995    ทศพร
999 ^a ใช้งานได้ทุกระบบ
รายการนี้ยังไม่มีแท็ก
คุณยังไม่ได้ล็อกอิน คุณสามารถมีกิจกรรมร่วมกับเว็บไซต์ได้ แต่ต้องล็อกอินก่อน ::
  ล็อกอิน

รายการสื่อสารสนเทศ

ลำดับที่ ประเภท เลขเรียก/บาร์โค้ด สถานที่ สถานะ
- ไม่พบข้อมูล -

รายการใกล้เคียง
    ผู้แต่ง [ศรัทธา ลาภวัฒนเจริญ]

BibComment


ยังไม่เคยถูกคอมเมนท์

คอมเมนท์ทรัพยากรรายการนี้
  คอมเมนท์: คู่มือเที่ยวลาว 3..


 Copyright 2026. Bcnsprnw @Library